|
|
|
|
| LEADER |
02779nam a22005415i 4500 |
| 001 |
978-3-642-30373-9 |
| 003 |
DE-He213 |
| 005 |
20161209090816.0 |
| 007 |
cr nn 008mamaa |
| 008 |
120530s2012 gw | s |||| 0|eng d |
| 020 |
|
|
|a 9783642303739
|9 978-3-642-30373-9
|
| 024 |
7 |
|
|a 10.1007/978-3-642-30373-9
|2 doi
|
| 040 |
|
|
|d GrThAP
|
| 050 |
|
4 |
|a TK5105.5-5105.9
|
| 072 |
|
7 |
|a UKN
|2 bicssc
|
| 072 |
|
7 |
|a COM075000
|2 bisacsh
|
| 082 |
0 |
4 |
|a 004.6
|2 23
|
| 245 |
1 |
0 |
|a Game Theory for Networks
|h [electronic resource] :
|b 2nd International ICST Conference, GAMENETS 2011, Shanghai, China, April 16-18, 2011, Revised Selected Papers /
|c edited by Rahul Jain, Rajgopal Kannan.
|
| 264 |
|
1 |
|a Berlin, Heidelberg :
|b Springer Berlin Heidelberg :
|b Imprint: Springer,
|c 2012.
|
| 300 |
|
|
|a XII, 676 p. 155 illus.
|b online resource.
|
| 336 |
|
|
|a text
|b txt
|2 rdacontent
|
| 337 |
|
|
|a computer
|b c
|2 rdamedia
|
| 338 |
|
|
|a online resource
|b cr
|2 rdacarrier
|
| 347 |
|
|
|a text file
|b PDF
|2 rda
|
| 490 |
1 |
|
|a Lecture Notes of the Institute for Computer Sciences, Social Informatics and Telecommunications Engineering,
|x 1867-8211 ;
|v 75
|
| 520 |
|
|
|a This book constitutes the thoroughly refereed post-conference proceedings of the Second International Conference on Game Theory for Networks (GameNets 2011) held in Shanghai, China, April 16-18, 2011. The 45 revised full papers presented were carefully selected from numerous submissions and focus topics such as mechanism design, physical layer games, network mechanisms, stochastic and dynamic games, game-theoretic network models, cooperative games in networks, security games, spectrum sharing games, P2P and social networks and economics of network QoS.
|
| 650 |
|
0 |
|a Computer science.
|
| 650 |
|
0 |
|a Computer communication systems.
|
| 650 |
|
0 |
|a Software engineering.
|
| 650 |
|
0 |
|a Algorithms.
|
| 650 |
|
0 |
|a Information storage and retrieval.
|
| 650 |
|
0 |
|a Artificial intelligence.
|
| 650 |
1 |
4 |
|a Computer Science.
|
| 650 |
2 |
4 |
|a Computer Communication Networks.
|
| 650 |
2 |
4 |
|a Information Systems Applications (incl. Internet).
|
| 650 |
2 |
4 |
|a Software Engineering.
|
| 650 |
2 |
4 |
|a Algorithm Analysis and Problem Complexity.
|
| 650 |
2 |
4 |
|a Information Storage and Retrieval.
|
| 650 |
2 |
4 |
|a Artificial Intelligence (incl. Robotics).
|
| 700 |
1 |
|
|a Jain, Rahul.
|e editor.
|
| 700 |
1 |
|
|a Kannan, Rajgopal.
|e editor.
|
| 710 |
2 |
|
|a SpringerLink (Online service)
|
| 773 |
0 |
|
|t Springer eBooks
|
| 776 |
0 |
8 |
|i Printed edition:
|z 9783642303722
|
| 830 |
|
0 |
|a Lecture Notes of the Institute for Computer Sciences, Social Informatics and Telecommunications Engineering,
|x 1867-8211 ;
|v 75
|
| 856 |
4 |
0 |
|u http://dx.doi.org/10.1007/978-3-642-30373-9
|z Full Text via HEAL-Link
|
| 912 |
|
|
|a ZDB-2-SCS
|
| 950 |
|
|
|a Computer Science (Springer-11645)
|